000 00756nam a2200265Ia 4500
003 OSt
005 20220925225020.0
006 a|||||r|||| 00| 0
007 ta
008 220923b |||||||| |||| 00| 0 eng d
020 _a0415268257
037 _cGeneral Book
040 _aRTL
_cRTL
_beng
041 _2eng
_aeng
082 _aRxN03A:g(Y:1), P3
100 _aWitkin Robert W Au.
_9291839
245 0 _aAdorno on popular culture
260 _aLondon
_bRoutledge U. K.
_c2003
300 _avii, 200p
_ccm.
490 _aInternational Library of Sociology
500 _aBibliography p.188-90
650 _aPhilosophy-Adorno
942 _hRxN03A:g(Y:1), P3
_cGB
_2CC
999 _c582781
_d582781